000 00950nam a2200217Ia 4500
003 OSt
005 20241203143549.0
007 ca aa aaaaa
008 201103s9999 xx 000 0 und d
040 _cSSBUL
041 _abur
082 _a၂၉၄.၃၈၂၄ အ
_223
_b၉၁၂၀ S-SAT
100 _a အနုရုဒ္ဓါမထေရ်၊ အရှင်
245 0 _aအဘိဓမ္မတ္တသင်္ဂဟသုဓမ္မဝတီသဂြိုဟ်ပါဌ်၊
_cအရှင်အနုရုဒ္ဓါမထေရ်
250 _aသတ္တမအကြိမ်။
260 _aရန်ကုန် ၊
_bသုဓမ္မဝတီစာပုံနှိပ်တိုက်၊
_c၁၉၆၁။
300 _aည၊ ၁၄၂ စာမျက်နှာ၊
_c၁၉ စင်တီ။
500 _aS-SAT: Dr. Sai Aung Tun Collection
650 _a အဘိဓမ္မာ
942 _2ddc
_cBK1
999 _c16615
_d16615